000 00482nam a2200181Ia 4500
005 20250423094806.0
008 250422s9999 xx 000 0 und d
020 _a0- 13- 157225- 3
050 _aQA 37 .2 .B364/
100 _aRaymond A. Barnett
245 0 _aCollege mathematics for business, economics, life sciences, and social sciences
250 _a11th ed.
260 _bPrentice- Hall
260 _c2008
300 _a973 p
650 _aBiomathematics
942 _cBK
999 _c28303
_d28303